000 01508nam a2200313 i 4500
003 EG-GICUC
005 20260121101644.0
008 260104s1971 ua ||||fr|||| 000 0 ara d
040 _a EG-GICUC
_bara
_c EG-GICUC
_d EG-GICUC
_erda
041 _aara
082 0 4 _221
_a345.451
_bع ب . ا
092 0 4 _221
099 _aLaw1 07 345.451 ع ب . ا 1971
100 0 _aعبدالوهاب البنداري
_eمؤلف.
245 1 2 _aالاختصاص التأديبي والسلطات التأديبية للعاملين المدنيين بالدولة والقطاع العام وذوي الكادرات الخاصة :
_bدراسة فقهية قضائية مقارنة وفقا لأحدث التشريعات وآراء الفقه وأحكام القضاء وفتاوي مجلس الدولة /
_cالمستشار عبدالوهاب البنداري.
264 1 _aالإسكندرية :
_bدار الفكر العربي,
_c[1971?]
300 _a451 صفحة ؛
_c24 سم
_bإيضاحيات، صور، مثيليات ؛
336 _2rda content
_atext
337 _2rda media
_aComputer
338 _2rda carrier
_aOnline Resource
546 _aالنص باللغة العربية
650 1 4 _aالسلطات التاديبية
_2qrmak
650 1 4 _aتأديب العاملين المدنين بالدولة
_2qrmak
650 1 4 _aالقانون الإداري
_2qrmak
651 1 _2qrmak
856 4 0 _uhttps://fll.law.cu.edu.eg/fulltext/bks/B07-01589.pdf
905 _a79
942 _2ddc
_cBK
_e21
_n0
999 _c54345
_d54345